Northern Hemisphere Africa Minefield Quiz Stats

 Plays Quiz Updated Jul 2, 2018

Challenge
Share
Tweet
Embed
Score 0/37 Timer 03:00
5 Plays Today
% Correct
???
91.8%
???
78.2%
???
72.8%
???
72.3%
???
72.2%
???
70.6%
???
68.6%
???
68%
???
67.2%
???
66.4%
???
65.1%
???
64.5%
???
63.3%
???
63%
???
61.9%
???
61.8%
???
61%
???
60.7%
???
59.7%
% Correct
???
59.6%
???
58.8%
???
58.8%
???
58.5%
???
58.2%
???
53.6%
???
52.5%
???
52.3%
???
52%
???
51.7%
???
50.4%
???
50.4%
???
49.1%
???
48.3%
???
44.4%
???
37.4%
???
33.1%
???
30.6%

You're not logged in!

Compare scores with friends on all Sporcle quizzes.
OR
Log In

You Might Also Like...

Show Comments

Extras

Top Quizzes Today


Score Distribution

Your Account Isn't Verified!

In order to create a playlist on Sporcle, you need to verify the email address you used during registration. Go to your Sporcle Settings to finish the process.

Report this User

Report this user for behavior that violates our Community Guidelines.

Details: